000 00483nam a2200205Ia 4500
003 0100
008 130227s9999 xx 000 0 und d
020 _a9781587314520
040 _cARRUPELIB
050 _aBL473.F47 2008
100 _aFeser, Edward
245 4 _aThe Last superstition
245 _bA Refutation of the new atheism
260 _aSouth Bend
260 _bSt. Augustine's Press
260 _C2008
300 _axi
300 _b 299p 23cm
942 _2lcc
_03
999 _c6465
_d6465